Planejamento familiar nas famílias LGBT : (Record no. 814)
[ view plain ]
| 000 -LÍDER | |
|---|---|
| Campo Fixo de Controle | 01115nam a2200277 a 4500 |
| 001 - NÚMERO DE CONTROLE | |
| Campo de Controle | 814 |
| 003 - IDENTIFICAÇÃO DO NÚMERO DE CONTROLE | |
| Campo de Controle | BR-CuiBMT |
| 005 - DATA E HORA DA ÚLTIMA ATUALIZAÇÃO | |
| Campo de Controle | 20231128001454.0 |
| 008 - DADOS FIXOS | |
| Dados Fixos | 230808s2021 mgba 000 0 por d |
| 020 ## - INTERNATIONAL STANDARD BOOK NUMBER | |
| Nº do ISBN | 9786555181647 |
| 040 ## - AGÊNCIA CATALOGADORA | |
| Código da Agência Catalogadora | BR-CuiBMT |
| Agência que transcreveu o registro | BR-CuiBMT |
| 080 ## - Nº DA CLASSIFICAÇÃO DECIMAL UNIVERSAL | |
| Nº edição CDU | 2007 |
| Nº Class. CDU | 347.61:342.7 |
| Subd. Auxiliar Comum | -055.3 |
| -- | (81) |
| 090 ## - NÚMERO DE CHAMADA | |
| Nº classificação | 347.61:342.7-055.3(81) |
| Cutter | N476p |
| 100 1# - ENTRADA PRINCIPAL -- AUTOR PESSOAL | |
| Nome pessoal | Netto, Manuel Camelo Ferreira da Silva |
| 245 10 - TÍTULO PRINCIPAL | |
| Título principal | Planejamento familiar nas famílias LGBT : |
| Subtítulo | desafios sociais e jurídicos do recurso à reprodução humana assistida no Brasil / |
| Indicação de responsabilidade | Manuel Camelo Ferreira da Silva Netto ; prefácio Fabíola Albuquerque Lobo. |
| 260 ## - PUBLICAÇÃO, DISTRIBUIÇÃO, ETC. | |
| Local de publicação | Belo Horizonte : |
| Editora | Fórum, |
| Data | c2021. |
| 300 ## - DESCRIÇÃO FÍSICA | |
| N. páginas ou volumes | 534 p. : |
| Ilustrações | il. ; |
| Dimensões | 22 cm |
| 490 1# - INDICAÇÃO DE SÉRIE | |
| Título da série | Coleção Fórum direito civil e seus desafios contemporâneos ; |
| Volume/designação sequencial da série | v. 5 |
| 504 ## - NOTA DE BIBLIOGRAFIA, ETC. | |
| Nota de bibliografia | Inclui bibliografia. |
| 650 ## - ASSUNTO TÓPICO | |
| Cabeçalho tópico ou nome geográfico | Direito das famílias |
| Subdivisão geográfica | Brasil |
| 650 ## - ASSUNTO TÓPICO | |
| Cabeçalho tópico ou nome geográfico | Direito civil |
| Subdivisão geral | Transexuais |
| Subdivisão geográfica | Brasil |
| 650 ## - ASSUNTO TÓPICO | |
| Cabeçalho tópico ou nome geográfico | Movimento LGBT |
| Subdivisão geral | Direitos humanos |
| 650 ## - ASSUNTO TÓPICO | |
| Cabeçalho tópico ou nome geográfico | Reprodução humana assistida |
| 830 #0 - ENTRADA SECUNDÁRIA DE SÉRIE -- TÍTULO UNIFORME | |
| Título uniforme | Fórum direito civil e seus desafios contemporâneos ; |
| Nº do volume/designação sequencial da série | 5 |
| 942 ## - ELEMENTOS DE ENTRADA ADICIONAIS (KOHA) | |
| Fonte de classificação ou esquema de arquivamento | Classificação Decimal Universal |
| Tipo de item do Koha | Livros |
| Estado: removido | Estado: perdido | Fonte de classificação ou esquema de arquivamento | Estado: danificado | Indisponível para empréstimo | Localização permanente | Localização atual | Data de aquisição | Total Checkouts | Número de Chamada completo | Código de barras | Date last seen | Número do exemplar | Preço efetivo a partir de | Tipo de item (Koha) |
|---|---|---|---|---|---|---|---|---|---|---|---|---|---|---|
| Classificação Decimal Universal | Biblioteca da Escola Superior de Contas do TCE/MT | Biblioteca da Escola Superior de Contas do TCE/MT | 20/11/2023 | 347.61:342.7-055.3(81) N476p | BIBTCEMT23110748 | 20/11/2023 | Ex. 1 | 20/11/2023 | Livros | |||||
| Classificação Decimal Universal | Biblioteca da Escola Superior de Contas do TCE/MT | Biblioteca da Escola Superior de Contas do TCE/MT | 20/11/2023 | 347.61:342.7-055.3(81) N476p | BIBTCEMT23110749 | 20/11/2023 | Ex. 2 | 20/11/2023 | Livros | |||||
| Classificação Decimal Universal | Biblioteca da Escola Superior de Contas do TCE/MT | Biblioteca da Escola Superior de Contas do TCE/MT | 21/11/2023 | 347.61:342.7-055.3(81) N476p | BIBTCEMT23110811 | 21/11/2023 | Ex. 3 | 21/11/2023 | Livros |